[Event "FRA-ch U18"]
[Site "Aix les Bains"]
[Date "2006.04.??"]
[Round "7"]
[White "Platel, Alexandre"]
[Black "Donon, Robin"]
[Result "1/2-1/2"]
[WhiteElo "2201"]
[BlackElo "2002"]
[PlyCount "63"]
[EventDate "2006.04.??"]
[EventType "swiss"]
[EventRounds "8"]
[EventCountry "FRA"]
[SourceTitle "EXT 2007"]
[Source "ChessBase"]
[SourceDate "2006.11.23"]
[SourceVersion "1"]
[SourceVersionDate "2006.11.23"]
[SourceQuality "1"]

1. e4 c5 2. Nf3 e6 3. Nc3 Nc6 4. Bb5 Nge7 5. d4 cxd4 6. Nxd4 a6 7. Nxc6 Nxc6 8. Bd3 Bb4 9. 0-0 Bxc3 10. bxc3 Qa5 11. Bd2 0-0 12. c4 Qc7 13. f4 d6 14. Qh5 f5 15. Bc3 Ne7 16. Kh1 b5 17. Qg5 Rf7 18. exf5 exf5 19. Be2 bxc4 20. Bh5 g6 21. Rae1 Bb7 22. Re6 Kf8 23. Qh6+ Ke8 24. Bf3 Bxf3 25. Rxf3 Kd7 26. Rfe3 Nd5 27. Qh4 Nxe3 28. Rxe3 Rb8 29. Qe1 Qb6 30. Qd2 Re7 31. Rxe7+ Kxe7 32. h4 1/2-1/2